Wymień wszystkie postacie Genshin Impact - Statystyki

Ogólne statystyki
  • Ten quiz został rozwiązany 214 razy
  • Średni wynik to 41 z 83
Statystyki odpowiedzi
Postacie % Poprawnych
Diluc
83%
Jean
83%
Amber
80%
Zhongli
80%
Raiden Shogun
77%
Lisa
76%
Furina
74%
Kaeya
73%
Venti
73%
Bennett
69%
Nahida
69%
Albedo
68%
Klee
67%
Qiqi
66%
MOna
65%
Yae Miko
63%
Neuvillette
62%
Barbara
61%
Kamisato Ayaka
61%
Kamisato Ayato
61%
Tighnari
61%
Xiao
61%
Beidou
60%
Keqing
59%
Navia
59%
Diona
55%
Cyno
54%
Ganyu
54%
Hu Tao
54%
Lyney
54%
Ningguang
54%
Tartaglia
54%
Xiangling
54%
Arlecchino
52%
Alhaitham
51%
Arataki Itto
51%
Lynette
51%
Fischl
49%
Yelan
49%
Sucrose
47%
Clorinde
46%
Collei
46%
Dehya
46%
Rosaria
46%
Shenhe
46%
Wriothesley
46%
Gorou
45%
Eula
44%
Freminet
44%
Kaveh
44%
Noelle
44%
Xingqiu
44%
Razor
43%
Thoma
42%
Gaming
41%
Kuki Shinobu
41%
Xianyun
41%
Xinyan
41%
Yoimiya
41%
Chongyun
40%
Sangonomiya Kokomi
40%
Mika
39%
Faruzan
38%
Kaedehara Kazuha
38%
Baizhu
37%
Charlotte
37%
Dori
36%
Kujou Sara
36%
Nilou
36%
Sayu
36%
Yanfe
34%
Yaoyao
34%
Yun Jin
34%
Candace
31%
Layla
31%
Aloy
28%
Chiori
28%
Kirara
27%
Sethos
26%
Chevreuse
24%
Shikanoin Heizou
16%
Podróżnik
9%
Wędrowiec
8%
Nie znaleziono quizów pasujących do podanych kryteriów
Rozkład punktacji
Procent ludzi z każdym wynikiem
Percentyl według liczby udzielonych odpowiedzi
Twoja historia wyników
Nie rozwiązałeś tego quizu